000
00220nam a2200097Ia 4500
008
190216s9999||||xx |||||||||||||| ||und||
100
_a
Unnikrishnan P
245
0
_a
Motor Cycle
260
_b
Kerala Basha Inst
942
_c
BK
999
_c
37785
_d
37785